Učebnice němčiny pro vysoké školy technického směru
Saved in:
| Format: | Book |
|---|---|
| Language: | Czech German |
| Published: |
[S.l.]
[s.n.]
1964
|
| Online Access: | View in OPAC |
| Tags: |
No Tags, Be the first to tag this record!
|
MARC
| LEADER | 00000nam a2200000 a 4500 | ||
|---|---|---|---|
| 005 | 20260127133941.0 | ||
| 008 | 040429e1964 cs g cze c | ||
| 035 | |a vtls008607800 | ||
| 035 | |a SAVUKc201643 | ||
| 039 | 9 | |a 200809251200 |b mschk03 |y 200602040054 |z VLOAD | |
| 040 | |a SAVUK |b slo |c SNK |d STUSCHK1 |e AACR2 | ||
| 041 | 1 | |a cze |a ger | |
| 044 | |a cs |c CS | ||
| 080 | |a 430 | ||
| 080 | |a 62(075.8) | ||
| 245 | 1 | 0 | |a Učebnice němčiny pro vysoké školy technického směru |
| 260 | |a [S.l.] |b [s.n.] |c 1964 | ||
| 910 | |a savuk | ||
| 910 | |a SCHK95 | ||
| 999 | |c 727 |d 727 | ||